[Event "It (open)"]
[Site "?"]
[Date "2005.02.03"]
[Round "9"]
[White "Azmaiparashvili Zurab"]
[Black "Kozul Zdenko"]
[Result "1-0"]
[WhiteElo "2662"]
[BlackElo "2595"]
[PlyCount "57"]
[EventDate "2005.??.??"]
[Source "www.chesslib.no"]
[SourceDate "2004.05.04"]

1. d4 Nf6 2. c4 g6 3. Nc3 Bg7 4. e4 d6 5. Nf3 O-O 6. Be3 c6 7. h3 e5 8. d5 Na6 9. Nd2 Kh8 10. g4 Ng8 11. h4 f5 12. f3 Bf6 13. g5 f4 14. Bf2 Be7 15. c5 Nxc5 16. Bxc5 dxc5 17. Nc4 Qe8 18. a4 h6 19. Qd2 Rf7 20. Nxe5 Rh7 21. h5 hxg5 22. Nxg6+ Kg7 23. O-O-O cxd5 24. Nxd5 Bd8 25. Ndxf4 Be6 26. Qc3+ Nf6 27. Bb5 Qg8 28. Nxe6+ Qxe6 29. Rd7+ 1-0

[Event "World op"]
[Site "?"]
[Date "2000.07.02"]
[Round "4"]
[White "Atalik Suat"]
[Black "Fedorowicz John P"]
[Result "1/2-1/2"]
[WhiteElo "2575"]
[BlackElo "2540"]
[PlyCount "28"]
[EventDate "2000.??.??"]
[Source "www.chesslib.no"]
[SourceDate "2004.05.04"]

1. d4 Nf6 2. c4 g6 3. Nc3 Bg7 4. e4 d6 5. Nf3 O-O 6. Be3 e5 7. dxe5 dxe5 8. Qxd8 Rxd8 9. Nd5 Rd7 10. Nxf6+ Bxf6 11. c5 Nc6 12. Bb5 Rd8 13. Bxc6 bxc6 14. Nd2 a5 1/2-1/2

[Event "Haarlem AKN"]
[Site "Haarlem NED"]
[Date "1994.??.??"]
[Round "6"]
[White "Cifuentes Parada, Roberto"]
[Black "Glek, Igor V"]
[Result "1/2-1/2"]
[WhiteElo "2500"]
[BlackElo "2590"]
[PlyCount "33"]
[EventDate "1994.??.??"]
[Source "www.chesslib.no"]
[SourceDate "2004.05.04"]

1. d4 Nf6 2. Nf3 g6 3. c4 Bg7 4. Nc3 O-O 5. e4 d6 6. Be3 a5 7. Be2 Na6 8. O-O e5 9. dxe5 dxe5 10. Qxd8 Rxd8 11. Rfd1 Bg4 12. a3 Nd7 13. Rd5 b6 14. Rad1 Be6 15. R5d2 Bf6 16. Bg5 Kg7 17. Nd5 1/2-1/2

[Event "Open, Malaga ESP"]
[Site "Malaga"]
[Date "1998.??.??"]
[Round "9"]
[White "Cifuentes Parada, R."]
[Black "Cramling, P."]
[Result "1/2-1/2"]
[WhiteElo "2540"]
[BlackElo "2535"]
[PlyCount "178"]
[EventDate "1998.??.??"]
[Source "www.chesslib.no"]
[SourceDate "2004.05.04"]

1. d4 Nf6 2. Nf3 g6 3. c4 Bg7 4. Nc3 O-O 5. e4 d6 6. Be3 Na6 7. Be2 e5 8. O-O Ng4 9. Bg5 Qe8 10. dxe5 dxe5 11. Nd2 f6 12. Bxg4 fxg5 13. Nb3 c6 14. Bxc8 Rxc8 15. Qg4 Qe7 16. Rad1 Rcd8 17. Rxd8 Rxd8 18. Rd1 Kf7 19. h3 Bf6 20. a3 Rxd1+ 21. Qxd1 Qd8 22. Kf1 Qxd1+ 23. Nxd1 Bd8 24. Ne3 Bb6 25. Ng4 Ke6 26. Nh2 Nc5 27. Nxc5+ Bxc5 28. Nf3 h6 29. b4 Be7 30. Ke2 a5 31. c5 axb4 32. axb4 Bd8 33. Nd2 b6 34. cxb6 Bxb6 35. f3 Bd4 36. Kd3 Bf2 37. Kc4 Be1 38. Nb3 Kd6 39. Nc5 Bf2 40. Nd3 Be3 41. b5 cxb5+ 42. Kxb5 Bd4 43. Nb4 Bf2 44. Nc6 Be3 45. Nd8 Ke7 46. Nb7 Kd7 47. Na5 Bf2 48. Nc6 Kd6 49. Nd8 Ke7 50. Nb7 Kd7 51. Kc4 Ke6 52. Nc5+ Kd6 53. Nd3 Be3 54. Nb4 Bf2 55. Nd5 Bg1 56. Kb5 h5 57. Nb6 Bd4 58. Nc8+ Kd7 59. Nb6+ Kd6 60. Nc4+ Kd7 61. Na5 Kd6 62. Nc6 Be3 63. Nb4 Bf2 64. Nd3 Bd4 65. Kc4 Be3 66. Nb4 Bf2 67. Nd5 Bg1 68. Kd3 Ke6 69. Nc3 Kd6 70. Kc4 Bf2 71. g4 h4 72. Kb5 Bd4 73. Nd5 Bf2 74. Nb6 Bd4 75. Nc4+ Kd7 76. Na5 Kd6 77. Nc6 Bg1 78. Nd8 Ke7 79. Nb7 Kd7 80. Kc4 Ke6 81. Kb4 Kd7 82. Kb5 Bf2 83. Na5 Bg1 84. Ka6 Kc7 85. Nc4 Bd4 86. Kb5 Kd7 87. Na5 Bg1 88. Nb3 Kd6 89. Nd2 Bd4 1/2-1/2

[Event "Capablanca mem"]
[Site "Matanzas"]
[Date "1995.??.??"]
[Round "2"]
[White "Cifuentes Parada, Roberto"]
[Black "Zapata, Alonso"]
[Result "1-0"]
[WhiteElo "2535"]
[BlackElo "2535"]
[PlyCount "119"]
[EventDate "1995.05.??"]
[Source "ChessBase"]

1. Nf3 Nf6 2. c4 g6 3. Nc3 Bg7 4. e4 d6 5. d4 O-O 6. Be3 Na6 7. Be2 e5 8. O-O Qe8 9. dxe5 dxe5 10. Nd2 Be6 11. a3 Qd7 12. f3 Nh5 13. Qb3 c6 14. Rfd1 Qe7 15. Qc2 f5 16. b4 Bf6 17. c5 Bh4 18. Nc4 f4 19. Bf2 Bxf2+ 20. Kxf2 Nxc5 21. Nxe5 Nb3 22. Rab1 Qg7 23. Bc4 Bxc4 24. Nxc4 Nd4 25. Qa2 Kh8 26. Ne2 Rad8 27. Qb2 Ne6 28. Qxg7+ Nhxg7 29. Na5 Rf7 30. Rxd8+ Nxd8 31. Rd1 Nde6 32. Rd6 Kg8 33. Nd4 Nxd4 34. Rxd4 Rc7 35. Rd8+ Kf7 36. g3 Ne6 37. Rd2 Ke7 38. gxf4 Nxf4 39. Ke3 g5 40. h4 h6 41. hxg5 hxg5 42. Rh2 Kf6 43. Rh6+ Kg7 44. Rd6 Rf7 45. Nb3 Kf8 46. Nd4 Ke7 47. Rh6 Kd7 48. Rh8 Ne6 49. Nxe6 Kxe6 50. Ra8 a6 51. a4 Kf6 52. a5 Rd7 53. Rf8+ Kg7 54. Re8 Kf7 55. Rb8 Kf6 56. Kf2 Rc7 57. Kg3 c5 58. bxc5 Rxc5 59. Rxb7 Rxa5 60. Rb6+ 1-0

[Event "Hastings 9091"]
[Site "Hastings"]
[Date "1990.??.??"]
[Round "?"]
[White "Kosten, Anthony C"]
[Black "King, Daniel J"]
[Result "0-1"]
[WhiteElo "2510"]
[BlackElo "2560"]
[PlyCount "108"]
[EventDate "1990.12.??"]
[Source "ChessBase"]

1. d4 Nf6 2. c4 g6 3. Nc3 Bg7 4. e4 d6 5. Nf3 O-O 6. Be3 e5 7. dxe5 dxe5 8. Qxd8 Rxd8 9. Nd5 Rd7 10. Nxf6+ Bxf6 11. c5 Nc6 12. Bb5 Kf8 13. Ke2 Ke7 14. a3 Bg7 15. Bc4 h6 16. h3 Nd8 17. b4 Ne6 18. g3 Rd8 19. Rad1 Bd7 20. h4 Bc6 21. Rxd8 Rxd8 22. Nd2 Nd4+ 23. Bxd4 Rxd4 24. Bd3 a5 25. Rb1 axb4 26. axb4 Bd7 27. f3 Be6 28. b5 Ra4 29. Rb2 Bf8 30. Rc2 Kf6 31. c6 b6 32. Bc4 Rb4 33. Bd3 Bc5 34. Rc1 Bd4 35. Rc2 Ke7 36. Rc1 Rb2 37. Rc2 Rxc2 38. Bxc2 Kd6 39. Bd3 Kc5 40. Kd1 Bf2 41. Nf1 Bc4 42. Bxc4 Kxc4 43. Ke2 Bc5 44. g4 Kxb5 45. h5 Be7 46. Ne3 Bg5 47. Nd5 Kxc6 48. Kd3 Kd6 49. Kc4 b5+ 50. Kd3 c6 51. Nb4 c5 52. Nd5 c4+ 53. Ke2 gxh5 54. gxh5 Kc5 0-1

[Event "AKN Open"]
[Site "?"]
[Date "2000.07.01"]
[Round "4"]
[White "Cifuentes Parada Roberto"]
[Black "Gofshtein Zeev-Alon"]
[Result "1-0"]
[WhiteElo "2483"]
[BlackElo "2580"]
[PlyCount "89"]
[EventDate "2000.??.??"]
[Source "www.chesslib.no"]
[SourceDate "2004.05.04"]

1. d4 Nf6 2. Nf3 g6 3. c4 Bg7 4. Nc3 d6 5. e4 O-O 6. Be3 Na6 7. Be2 e5 8. O-O Ng4 9. Bg5 f6 10. Bc1 Kh8 11. h3 Nh6 12. Be3 Nf7 13. dxe5 fxe5 14. Qd2 h6 15. Rfd1 c6 16. Rab1 Qe7 17. b4 Rd8 18. Qc2 Nc7 19. Rd2 Ne6 20. Rbd1 Re8 21. c5 dxc5 22. bxc5 Nf4 23. Bc4 Ng5 24. Ne1 Ngxh3+ 25. gxh3 Qg5+ 26. Kh1 Qh5 27. Bxf4 exf4 28. f3 Qxc5 29. Ne2 Qg5 30. Ng1 Be5 31. Bf7 Rf8 32. Rg2 Qf6 33. Bxg6 Bd4 34. Bf5 Bxf5 35. exf5 Rg8 36. Qe4 Bxg1 37. Kxg1 Rae8 38. Qxf4 Rg7 39. Rxg7 Qxg7+ 40. Kf1 c5 41. f6 Qg6 42. f7 Rf8 43. Rd6 Rxf7 44. Qe5+ Qg7 45. Rd8+ 1-0

[Event "Hastings 8182"]
[Site "Hastings"]
[Date "1981.??.??"]
[Round "8"]
[White "Rivas Pastor, Manuel"]
[Black "Kupreichik, Viktor D"]
[Result "0-1"]
[WhiteElo "2470"]
[BlackElo "2580"]
[PlyCount "106"]
[EventDate "1981.12.??"]
[Source "ChessBase"]

1. d4 Nf6 2. c4 g6 3. Nc3 Bg7 4. e4 d6 5. Nf3 O-O 6. Be3 e5 7. dxe5 dxe5 8. Qxd8 Rxd8 9. Nd5 Na6 10. O-O-O Bg4 11. h3 Bxf3 12. gxf3 c6 13. Nxf6+ Bxf6 14. Rxd8+ Rxd8 15. c5 Nb4 16. a3 Nd3+ 17. Bxd3 Rxd3 18. Kc2 Rd8 19. b4 Kf8 20. Re1 Ke8 21. f4 exf4 22. Bxf4 Rd4 23. Bd2 Kd7 24. f4 Ke6 25. Re3 Rd7 26. Rf3 Bg7 27. h4 f5 28. e5 Rd4 29. h5 gxh5 30. Rh3 Bf8 31. Rxh5 Rd7 32. Be3 h6 33. Bf2 Rd8 34. Rh1 Kf7 35. Kc3 Bg7 36. a4 a6 37. Rb1 Bf8 38. Be3 Be7 39. b5 axb5 40. axb5 h5 41. bxc6 bxc6 42. Rb6 Rc8 43. Kd3 h4 44. Ke2 Rh8 45. Kf3 h3 46. Rb1 Ke6 47. Rh1 Bd8 48. Kg3 Kd5 49. Rd1+ Ke4 50. Bg1 Bh4+ 51. Kxh3 Kf3 52. Rd3+ Ke2 53. Rd6 Kf1 0-1

[Event "Nordic Grand Prix"]
[Site "Torshavn"]
[Date "1997.??.??"]
[Round "9"]
[White "Akesson, Ralf"]
[Black "Djurhuus, Rune"]
[Result "1/2-1/2"]
[WhiteElo "2515"]
[BlackElo "2530"]
[PlyCount "30"]
[EventDate "1997.02.07"]
[Source "ChessBase"]

1. Nf3 Nf6 2. c4 g6 3. Nc3 Bg7 4. e4 d6 5. d4 O-O 6. Be3 e5 7. dxe5 dxe5 8. Qxd8 Rxd8 9. Nd5 Na6 10. O-O-O Be6 11. Nxf6+ Bxf6 12. Rxd8+ Rxd8 13. a3 b6 14. b4 Nb8 15. Be2 Nc6 1/2-1/2

[Event "Baden Baden"]
[Site "?"]
[Date "1980.??.??"]
[Round "3"]
[White "Stean, M."]
[Black "Nunn, D."]
[Result "1/2-1/2"]
[WhiteElo "2530"]
[BlackElo "2515"]
[PlyCount "28"]
[EventDate "1980.??.??"]
[Source "www.chesslib.no"]
[SourceDate "2004.05.04"]

1. Nf3 Nf6 2. c4 g6 3. Nc3 Bg7 4. d4 O-O 5. e4 d6 6. Be3 c5 7. h3 cxd4 8. Nxd4 b6 9. Bd3 Bb7 10. O-O Nbd7 11. Re1 a6 12. Bg5 h6 13. Bh4 e6 14. Rc1 Rc8 1/2-1/2

[Event "HUN-ch"]
[Site "HUN"]
[Date "1991.??.??"]
[Round "2"]
[White "Horvath, Jozsef"]
[Black "Groszpeter, Attila"]
[Result "1/2-1/2"]
[WhiteElo "2540"]
[BlackElo "2480"]
[PlyCount "27"]
[EventDate "1991.12.??"]
[Source "ChessBase"]

1. d4 Nf6 2. c4 g6 3. Nc3 Bg7 4. e4 d6 5. Nf3 O-O 6. Be3 e5 7. dxe5 dxe5 8. Qxd8 Rxd8 9. Nd5 Na6 10. O-O-O Be6 11. Nxf6+ Bxf6 12. Rxd8+ Rxd8 13. a3 c5 14. Be2 1/2-1/2

[Event "CHN-CIS"]
[Site "Beijing"]
[Date "1991.??.??"]
[Round "?"]
[White "Chekhov, Valery A"]
[Black "Wang Zili"]
[Result "1/2-1/2"]
[WhiteElo "2525"]
[BlackElo "2495"]
[PlyCount "63"]
[EventDate "1991.??.??"]
[Source "ChessBase"]

1. d4 Nf6 2. c4 g6 3. Nc3 Bg7 4. e4 d6 5. Nf3 O-O 6. Be3 e5 7. dxe5 dxe5 8. Qxd8 Rxd8 9. Nd5 Na6 10. O-O-O Re8 11. Nxf6+ Bxf6 12. c5 Nb8 13. Bc4 Nc6 14. h3 Bg7 15. Rhe1 h6 16. Kc2 Kf8 17. Kc3 a5 18. g4 Ke7 19. Kb3 Rh8 20. Rd2 h5 21. Rg1 hxg4 22. hxg4 f6 23. Kc2 Rh3 24. Ne1 Bh6 25. Bxh6 Rxh6 26. g5 fxg5 27. Rxg5 Nd4+ 28. Kc3 Kf6 29. Rg3 Be6 30. Nf3 Bxc4 31. Kxc4 Ne6 32. Rd5 1/2-1/2

[Event "URS-FL"]
[Site "Kujbyshev"]
[Date "1986.??.??"]
[Round "?"]
[White "Ubilava, Elizbar"]
[Black "Kupreichik, Viktor D"]
[Result "0-1"]
[WhiteElo "2515"]
[BlackElo "2490"]
[PlyCount "91"]
[EventDate "1986.10.??"]
[Source "ChessBase"]

1. d4 Nf6 2. c4 d6 3. Nf3 g6 4. Nc3 Bg7 5. e4 O-O 6. Be3 e5 7. dxe5 dxe5 8. Qxd8 Rxd8 9. Nd5 Na6 10. O-O-O Bg4 11. Nxf6+ Bxf6 12. Rxd8+ Rxd8 13. c5 Nb4 14. Bc4 Nd3+ 15. Kc2 Nf4 16. h3 Bd7 17. g3 Nxh3 18. Bf1 Bg4 19. Bg2 Bxf3 20. Bxf3 Ng5 21. Bxg5 Bxg5 22. Rd1 Rxd1 23. Kxd1 h5 24. Bg2 a5 25. a4 c6 26. Bh3 Be7 27. Ke2 Bxc5 28. Bc8 b5 29. b3 Bd4 30. Bd7 bxa4 31. bxa4 c5 32. Bb5 Kg7 33. Bd3 Kf6 34. Kf3 Kg5 35. Bc4 f5 36. exf5 gxf5 37. Bf7 e4+ 38. Ke2 f4 39. gxf4+ Kg4 40. Bg6 c4 41. Bxe4 Kxf4 42. Bd5 c3 43. Kd3 h4 44. Bg2 Kg4 45. Be4 Be5 46. Bg2 0-1

[Event "Zemun"]
[Site "?"]
[Date "1980.06.13"]
[Round "12"]
[White "Ivkov Borislav"]
[Black "Martinovic Slobodan"]
[Result "1/2-1/2"]
[WhiteElo "2530"]
[BlackElo "2475"]
[PlyCount "27"]
[EventDate "1980.??.??"]
[Source "www.chesslib.no"]
[SourceDate "2004.05.04"]

1. d4 Nf6 2. c4 g6 3. Nc3 Bg7 4. e4 d6 5. Nf3 O-O 6. Be3 c6 7. Be2 a6 8. a4 a5 9. h3 Na6 10. Qd2 e5 11. Rd1 exd4 12. Nxd4 Re8 13. Bf3 Nd7 14. O-O 1/2-1/2

[Event "Morava-ch U15"]
[Site "Zlin"]
[Date "1999.??.??"]
[Round "7"]
[White "Kulistak, Milan"]
[Black "Konopecky, Frantisek"]
[Result "1/2-1/2"]
[WhiteElo "2500"]
[BlackElo "2500"]
[PlyCount "89"]
[EventDate "1999.??.??"]
[Source "www.chesslib.no"]
[SourceDate "2004.05.04"]

1. d4 Nf6 2. c4 g6 3. Nc3 Bg7 4. e4 d6 5. Nf3 O-O 6. Be3 b6 7. Qd2 Bb7 8. Bd3 c5 9. d5 e5 10. Bh6 Ng4 11. Bxg7 Kxg7 12. h3 Nh6 13. h4 Nd7 14. h5 Rh8 15. O-O-O Qe7 16. Rh3 Nf6 17. hxg6 hxg6 18. Rdh1 Nhg4 19. Ng5 Nh5 20. f3 Nh6 21. Ne2 Qf6 22. Rh4 Bc8 23. f4 Ng4 24. fxe5 Nxe5 25. Kc2 Qf2 26. Nc1 Qxd2+ 27. Kxd2 Bd7 28. Nf3 Nxf3+ 29. gxf3 Ng3 30. Rxh8 Rxh8 31. Rxh8 Kxh8 32. Ke3 Kg7 33. f4 Kf6 34. Kf3 Nh5 35. Ne2 g5 36. Ke3 Bg4 37. fxg5+ Kxg5 38. Nc3 a6 39. Na4 Nf4 40. Nxb6 Nxd3 41. Kxd3 Kf4 42. Na4 Bf3 43. Nc3 a5 44. a3 f6 45. b3 1/2-1/2

[Event "NED-ch"]
[Site "NED"]
[Date "1991.??.??"]
[Round "6"]
[White "Pieterse, Gert"]
[Black "Piket, Jeroen"]
[Result "0-1"]
[WhiteElo "2405"]
[BlackElo "2590"]
[PlyCount "58"]
[EventDate "1991.06.??"]
[Source "ChessBase"]

1. d4 Nf6 2. Nf3 g6 3. c4 Bg7 4. Nc3 O-O 5. e4 d6 6. Be3 Na6 7. h3 e5 8. dxe5 dxe5 9. a3 c6 10. Qxd8 Rxd8 11. c5 Nc7 12. Rd1 Rxd1+ 13. Kxd1 Be6 14. Nd2 Nd7 15. Nc4 Bf8 16. Na4 Nb5 17. Kc2 Nd4+ 18. Bxd4 exd4 19. b4 Bxc4 20. Bxc4 b5 21. cxb6 axb6 22. Bb3 c5 23. Nb2 Rxa3 24. Rd1 b5 25. bxc5 Nxc5 26. Bd5 Bg7 27. Kb1 d3 28. f3 b4 29. Bc4 Bxb2 0-1

[Event "op-06"]
[Site "Malaga"]
[Date "2003.02.25"]
[Round "7.2"]
[White "Cifuentes Parada, Roberto"]
[Black "Cabrera, Alexis"]
[Result "1/2-1/2"]
[WhiteElo "2506"]
[BlackElo "2478"]
[PlyCount "70"]
[EventDate "2003.02.21"]
[Source "Roberto Alvarez"]
[SourceDate "2003.02.24"]

1. d4 Nf6 2. c4 g6 3. Nc3 Bg7 4. e4 d6 5. Nf3 O-O 6. Be3 e5 7. dxe5 dxe5 8. Qxd8 Rxd8 9. Nd5 Na6 10. Rd1 Be6 11. Bd3 Ng4 12. Bg5 f6 13. Bc1 c6 14. h3 cxd5 15. cxd5 Nc5 16. Bc2 a5 17. hxg4 Bxg4 18. Be3 Bf8 19. Rc1 Rdc8 20. Nh2 Bd7 21. Kd2 a4 22. f3 a3 23. b3 f5 24. exf5 gxf5 25. f4 exf4 26. Bxf4 Rd8 27. Bg5 Re8 28. Ng4 fxg4 29. Bxh7+ Kg7 30. Bh6+ Kxh7 31. Bxf8+ Kg6 32. Bxc5 Re5 33. Rhd1 Rxd5+ 34. Ke3 Re8+ 35. Kf4 Bc6 1/2-1/2

[Event "Titograd"]
[Site "Titograd"]
[Date "1984.??.??"]
[Round "?"]
[White "Djuric, Stefan"]
[Black "Zapata, Alonso"]
[Result "1/2-1/2"]
[WhiteElo "2500"]
[BlackElo "2470"]
[PlyCount "73"]
[EventDate "1984.12.??"]
[Source "ChessBase"]

1. d4 Nf6 2. c4 g6 3. Nc3 Bg7 4. e4 O-O 5. Nf3 d6 6. Be3 e5 7. dxe5 dxe5 8. Qxd8 Rxd8 9. Nd5 Nxd5 10. cxd5 c6 11. Bc4 cxd5 12. Bxd5 Nc6 13. Bxc6 bxc6 14. Nd2 Be6 15. Ke2 Rdb8 16. b3 a5 17. Kd3 a4 18. Kc2 Bf8 19. Rhb1 Rb5 20. Nc4 Rab8 21. f3 f6 22. Nd2 Ra8 23. bxa4 Rxa4 24. Nb3 f5 25. Nd2 Bxa2 26. Rb2 Rba5 27. Rb8 f4 28. Bb6 Rb5 29. Bc7 Kf7 30. Rxb5 cxb5 31. Bxe5 g5 32. g3 fxg3 33. hxg3 Be6 34. g4 Kg6 35. Kd3 Bb4 36. Bb2 Rxa1 37. Bxa1 1/2-1/2

[Event "White Knights"]
[Site "Leningrad"]
[Date "1984.??.??"]
[Round "?"]
[White "Rivas Pastor, Manuel"]
[Black "Lukin, Andrei M"]
[Result "1/2-1/2"]
[WhiteElo "2500"]
[BlackElo "2470"]
[PlyCount "39"]
[EventDate "1984.06.??"]
[Source "ChessBase"]

1. d4 Nf6 2. c4 g6 3. Nc3 Bg7 4. e4 d6 5. Be3 O-O 6. Nf3 e5 7. dxe5 dxe5 8. Qxd8 Rxd8 9. Nd5 Rd7 10. Nxf6+ Bxf6 11. c5 Nc6 12. Bb5 Rd8 13. Bxc6 bxc6 14. Nd2 Rb8 15. O-O-O Be6 16. b3 Be7 17. Nb1 f5 18. f3 Rxd1+ 19. Kxd1 fxe4 20. fxe4 1/2-1/2

[Event "Villa Gesell"]
[Site "Villa Gesell"]
[Date "1996.??.??"]
[Round "11"]
[White "Soppe, Guillermo"]
[Black "Sorin, Ariel"]
[Result "0-1"]
[WhiteElo "2465"]
[BlackElo "2505"]
[PlyCount "110"]
[EventDate "1996.03.??"]
[Source "ChessBase"]

1. d4 Nf6 2. c4 g6 3. Nc3 Bg7 4. e4 d6 5. Nf3 O-O 6. Be3 Na6 7. Be2 e5 8. O-O Ng4 9. Bg5 f6 10. Bc1 f5 11. exf5 exd4 12. Nxd4 Nxh2 13. Re1 Qh4 14. Be3 gxf5 15. Nf3 Nxf3+ 16. Bxf3 Kh8 17. Rc1 Nc5 18. Nd5 Ne6 19. g3 Qd8 20. Qd2 Bd7 21. Kg2 c6 22. Nf4 Be5 23. Rh1 Qf6 24. Nd3 f4 25. gxf4 Nxf4+ 26. Nxf4 Bxf4 27. Bxf4 Qxf4 28. Qxf4 Rxf4 29. Rc3 Rg8+ 30. Kf1 Rgf8 31. Kg2 Be6 32. Rhc1 Bxc4 33. Rxc4 Rxf3 34. R1c2 R3f4 35. Rxf4 Rxf4 36. Kg3 Rf7 37. f4 Kg7 38. Kg4 Kf6 39. Rh2 Rg7+ 40. Kf3 d5 41. b4 Rd7 42. Ke3 d4+ 43. Kd3 Kf5 44. Rh4 b6 45. a4 c5 46. bxc5 bxc5 47. Rh5+ Kxf4 48. Rxc5 Kg4 49. Rc8 h5 50. Rg8+ Kh3 51. Rg6 h4 52. a5 Kh2 53. a6 h3 54. Rh6 Rg7 55. Kxd4 Kg2 0-1

[Event "Leeuwarden NED"]
[Site "Leeuwarden NED"]
[Date "1991.??.??"]
[Round "?"]
[White "Cifuentes Parada, Roberto"]
[Black "Van Wely, Loek"]
[Result "1-0"]
[WhiteElo "2510"]
[BlackElo "2460"]
[PlyCount "75"]
[EventDate "1991.??.??"]
[Source "www.chesslib.no"]
[SourceDate "2004.05.04"]

1. d4 Nf6 2. Nf3 g6 3. c4 Bg7 4. Nc3 d6 5. e4 O-O 6. Be3 e5 7. dxe5 dxe5 8. Qxd8 Rxd8 9. Nd5 Na6 10. O-O-O Bg4 11. Bg5 Rd6 12. h3 Bxf3 13. gxf3 Kh8 14. Be2 Nh5 15. Be3 c6 16. c5 cxd5 17. cxd6 d4 18. Bxa6 bxa6 19. Bg5 h6 20. Be7 Bf6 21. Rd3 Bxe7 22. dxe7 Re8 23. Ra3 Rxe7 24. Rxa6 Nf4 25. Kd2 h5 26. h4 Kg7 27. b4 Rc7 28. Rc1 Rb7 29. a3 Ng2 30. Rh1 Rc7 31. b5 Rc3 32. Rb1 Rc7 33. Rc6 Rb7 34. a4 Nxh4 35. a5 Nxf3+ 36. Kd3 f5 37. b6 fxe4+ 38. Kxe4 1-0

[Event "Nizhnij Tagil"]
[Site "Nizhnij Tagil"]
[Date "1998.??.??"]
[Round "9"]
[White "Savon, Vladimir A"]
[Black "Neverov, Valeriy"]
[Result "1-0"]
[WhiteElo "2425"]
[BlackElo "2540"]
[PlyCount "77"]
[EventDate "1998.??.??"]
[Source "www.chesslib.no"]
[SourceDate "2004.05.04"]

1. c4 Nf6 2. Nf3 g6 3. Nc3 Bg7 4. e4 d6 5. d4 O-O 6. Be3 Na6 7. Be2 e5 8. O-O Ng4 9. Bg5 f6 10. Bd2 Nh6 11. Rc1 Nf7 12. a3 Bg4 13. d5 Nc5 14. b4 Nd7 15. Nxe5 Nfxe5 16. Bxg4 f5 17. exf5 gxf5 18. Bh3 Nxc4 19. Nb5 Ndb6 20. Bc3 Be5 21. Bd4 Rf7 22. Bxb6 Nxb6 23. f4 Bg7 24. Qd3 a6 25. Nd4 Bxd4+ 26. Qxd4 Qf6 27. Qxf6 Rxf6 28. Rxc7 Nxd5 29. Rxb7 Re8 30. g3 Ne3 31. Re1 d5 32. Rd7 Rfe6 33. Bg2 Nxg2 34. Rxe6 Rxe6 35. Kxg2 Re2+ 36. Kf3 Rd2 37. Ke3 Rd1 38. Ke2 Rd4 39. Ra7 1-0

[Event "ch NED"]
[Site "ch Eindhoven NED"]
[Date "1991.??.??"]
[Round "6"]
[White "Pieterse, Gert"]
[Black "Piket, Jeroen"]
[Result "0-1"]
[WhiteElo "2415"]
[BlackElo "2550"]
[PlyCount "48"]
[EventDate "1991.??.??"]
[Source "www.chesslib.no"]
[SourceDate "2004.05.04"]

1. d4 Nf6 2. Nf3 g6 3. c4 Bg7 4. Nc3 O-O 5. e4 d6 6. Be3 Na6 7. h3 e5 8. dxe5 dxe5 9. a3 c6 10. Qxd8 Rxd8 11. c5 Nc7 12. Rd1 Rxd1+ 13. Kxd1 Be6 14. Nd2 Nd7 15. Nc4 Bf8 16. Na4 Nb5 17. Kc2 Nd4+ 18. Bxd4 exd4 19. b4 Bxc4 20. Bxc4 b5 21. Bb3 Nxc5 22. Bd5 Bg7 23. Kb1 d3 24. f3 Bb2 0-1

[Event "Hoogovens-B"]
[Site "Wijk aan Zee"]
[Date "1991.??.??"]
[Round "11"]
[White "Cifuentes Parada, Roberto"]
[Black "Nijboer, Friso"]
[Result "0-1"]
[WhiteElo "2510"]
[BlackElo "2455"]
[PlyCount "84"]
[EventDate "1991.01.??"]
[Source "ChessBase"]

1. d4 Nf6 2. c4 g6 3. Nc3 Bg7 4. e4 d6 5. Nf3 O-O 6. Be3 e5 7. dxe5 dxe5 8. Qxd8 Rxd8 9. Nd5 Na6 10. Rd1 Rf8 11. Nxf6+ Bxf6 12. a3 b6 13. Bd3 Bd7 14. Ke2 Rfd8 15. h3 Rab8 16. b4 c5 17. Rb1 Bg7 18. g4 f6 19. Rb2 Bf8 20. Rhb1 h5 21. gxh5 gxh5 22. Nh4 Bxh3 23. b5 Nc7 24. Rh1 Bc8 25. Rbb1 Rd7 26. f4 exf4 27. Bxf4 Rb7 28. Rbg1+ Rg7 29. Nf5 Rxg1 30. Rxg1+ Kf7 31. e5 Ne6 32. Nh6+ Ke8 33. Be3 fxe5 34. Bg6+ Ke7 35. Ng8+ Kd6 36. Bxh5 Rg7 37. Nf6 Rxg1 38. Bxg1 Nf4+ 39. Kf3 Nxh5 40. Nxh5 Be6 41. Nf6 Bxc4 42. Ne8+ Kd7 0-1

[Event "Montpellier op-A"]
[Site "?"]
[Date "1997.??.??"]
[Round "?"]
[White "Djuric Stefan"]
[Black "Foisor Cristina Adela B"]
[Result "1-0"]
[WhiteElo "2545"]
[BlackElo "2415"]
[PlyCount "109"]
[EventDate "1997.??.??"]
[Source "www.chesslib.no"]
[SourceDate "2004.05.04"]

1. d4 Nf6 2. c4 g6 3. Nc3 Bg7 4. e4 d6 5. Nf3 O-O 6. Be3 Na6 7. Be2 e5 8. d5 Ng4 9. Bg5 f6 10. Bh4 Nh6 11. Nd2 Nf7 12. O-O h5 13. f3 Bh6 14. Bf2 c5 15. Kh1 Nc7 16. Rg1 Bd7 17. Qc2 Rb8 18. a3 Kg7 19. Bd3 Rh8 20. h4 Kf8 21. Nf1 a6 22. b4 b6 23. Rb1 Kg7 24. Rb2 Qc8 25. Ng3 Qd8 26. Nge2 g5 27. bxc5 bxc5 28. Rxb8 Qxb8 29. Rb1 Qa7 30. Qb2 Ra8 31. Bc2 gxh4 32. Bxh4 Bg5 33. Bxg5 fxg5 34. Ba4 Ne8 35. Bxd7 Qxd7 36. Ng3 h4 37. Nf5+ Kf6 38. Qb7 Qxb7 39. Rxb7 Ng7 40. Nxg7 Kxg7 41. Nd1 a5 42. Ne3 a4 43. Kh2 Kf6 44. Kh3 Kg6 45. Nf5 Ra6 46. Re7 Rb6 47. Re6+ Kh7 48. Kg4 Rb2 49. Kh5 Rxg2 50. Re7 Kg8 51. Kg6 Nh8+ 52. Kf6 Rf2 53. Rg7+ Kf8 54. Rf7+ Ke8 55. Nxd6+ 1-0

[Event "Cappelle op 18th"]
[Site "Cappelle la Grande"]
[Date "2002.02.11"]
[Round "3"]
[White "Labollita, Martin"]
[Black "Hebden, Mark"]
[Result "0-1"]
[WhiteElo "2398"]
[BlackElo "2558"]
[PlyCount "80"]
[EventDate "2002.02.09"]
[Source "ChessBase"]
[SourceDate "2002.03.14"]

1. Nf3 Nf6 2. c4 g6 3. Nc3 Bg7 4. e4 O-O 5. d4 d6 6. Be3 c6 7. Be2 a6 8. O-O b5 9. cxb5 axb5 10. a3 Nbd7 11. h3 Nb6 12. Qc2 Be6 13. Rad1 Bc4 14. Bc1 Bxe2 15. Qxe2 Na4 16. Na2 Qc8 17. Nb4 c5 18. dxc5 dxc5 19. Nd3 Rd8 20. Nf4 Qa6 21. e5 Ne8 22. Rxd8 Rxd8 23. Rd1 Rxd1+ 24. Qxd1 Qc8 25. Qd3 Nc7 26. h4 h6 27. b3 Nb6 28. e6 Nxe6 29. Qxb5 Nxf4 30. Bxf4 Nd5 31. Bd2 Qf5 32. Qxc5 Qb1+ 33. Kh2 Qxb3 34. a4 e5 35. a5 e4 36. a6 exf3 37. Qc8+ Kh7 38. a7 Be5+ 39. g3 Nc7 40. Ba5 Bb2 0-1

[Event "Porto Mannu"]
[Site "Palau ITA"]
[Date "2007.05.21"]
[Round "3.4"]
[White "Efimov, Igor"]
[Black "Matamoros Franco, Carlos S"]
[Result "0-1"]
[WhiteElo "2433"]
[BlackElo "2523"]
[PlyCount "82"]
[EventDate "2007.05.19"]
[Source "www.chesslib.no"]
[SourceDate "2004.05.04"]

1. d4 Nf6 2. Nf3 g6 3. c4 Bg7 4. Nc3 O-O 5. e4 d6 6. Be3 e5 7. dxe5 dxe5 8. Qxd8 Rxd8 9. Nd5 Na6 10. Bg5 Rd6 11. Bxf6 Bxf6 12. b4 c6 13. Nxf6+ Rxf6 14. a3 c5 15. b5 Nc7 16. Be2 Bg4 17. Rd1 Bxf3 18. Bxf3 Ne6 19. Rd5 Nf4 20. Rd7 b6 21. O-O Nh3+ 22. Kh1 a6 23. Rd3 Nf4 24. Rc3 Ne6 25. Bd1 Nd4 26. a4 Rd6 27. g3 Rad8 28. bxa6 Ra8 29. f4 Rxa6 30. Bg4 exf4 31. e5 Rd8 32. gxf4 Rxa4 33. Rf2 Ra1+ 34. Kg2 h5 35. Bf3 Kg7 36. Rb2 Ne6 37. Kg3 Rd4 38. Rxb6 Nxf4 39. h4 Ra2 40. Rf6 g5 41. hxg5 h4+ 0-1